000 00428cam a2200169ua 4500
020 _c5.00
041 _aeng
_h
082 _a823.308
_bCHA/IN
100 _aChandu Menon, O .
245 _aIndhulekha /
_cO Chandu Menon.
_hTextual Documents
260 _aCalicut :
_bMathrubhumi Printing & Publishing Companty Ltd ,
_c1965.
300 _a374 ; .
365 _a5.00
504 _a
942 _cBK
999 _c5152
_d5152